000 01540cam a2200373 a 4500
001 2513522
003 ZCFGHKOI
005 20220326193251.0
008 920706s1991 sp b 000 0 spa
010 _a 92182101
020 _a8478904239
040 _aDLC
_cDLC
_dDLC
041 0 _aspaeng
043 _ae------
050 0 0 _aN6758
_b.T54 1991
082 _a708
_bIN59t
100 _aG. Cortes, Jose Miguel
_9601
245 0 3 _aEl Tiempo sagrado :
_bla mitificación del arte contemporáneo /
_cconcebido por José Miguel G. Cortés ; con la colaboración de Juan Vicente Aliaga = Sacred time : the myth of contemporary art / edited by José Miguel G. Cortés ; with the collaboration of Juan Vicente Aliaga.
250 _a1. ed.
260 _a[Valencia] :
_bInstituto Valenciano de la Juventud,
_c1991.
300 _a188 p. ;
_c21 cm.
500 _aSpanish and English.
500 _aDiscussions held at the Instituto Valenciano de Arte Moderno, May 10-11, 1991.
504 _aIncludes bibliographical references.
650 0 _aAvant-garde (Aesthetics)
_zEurope
_xHistory
_y20th century.
_9657
650 0 _zValencia-España
_xarte contemporaneo
_xexhibiciones
_9658
650 0 _aArt, European
_y20th century.
_9659
700 1 _aCortés, José Miguel G.
_9606
700 1 _aAliaga, Juan Vicente.
_9660
710 2 _aInstitut Valencià d'Art Modern.
_9661
740 0 _aSacred time.
906 _a7
_bcbc
_corignew
_d3
_encip
_f19
_gy-gencatlg
999 _c134
_d134